000 00851nam a2200241Ia 4500
003 OSt
005 20220923231022.0
006 a|||||r|||| 00| 0
007 ta
008 220922b |||||||| |||| 00| 0 hin d
024 _a353,863
037 _cTextual
040 _aARTS
_cARTS
_bhin
041 _2hin
_ahin
082 _a2:51, 152N3
100 _aचांपावत, जी. एस., ले.
245 0 _aपुस्तकालय वर्गीकरण के सिद्धान्त
246 _aPustakālaya vargīkaraṇ ke siddhānta
260 _aजयपुर
_b आर बी एस ए पब्लिशर्स
_c1993
650 _aपुस्तकालय विज्ञान
942 _h2:51, 152N3
_cTEXL
_2CC
999 _c388805
_d388805